|
|
|
|
| LEADER |
00000nab a2200000 a 4500 |
| 001 |
vtls000496161 |
| 003 |
SK-MaSNL |
| 005 |
20260318121841.0 |
| 008 |
160202c1993 xo 0 hun |
| 015 |
|
|
|a SNBRB19rr/mm-uuuuu
|
| 035 |
|
|
|a CL0496299
|
| 040 |
|
|
|a SNKBUCL
|b slo
|c SNKBUCL
|e AACR2
|
| 041 |
0 |
|
|a hun
|
| 044 |
|
|
|a xo
|c SK
|
| 080 |
|
|
|a 75.071.1
|2 1981
|
| 080 |
|
|
|a 929 Csontváry Kosztka, Tivadar
|2 1981
|
| 100 |
1 |
|
|a Németh, István
|4 aut
|9 6915
|
| 245 |
1 |
0 |
|a Csontváry és szülőföldje
|c István Németh ; Illusztr. Béla Kondor
|
| 300 |
|
|
|b Ilustr. 1
|
| 600 |
1 |
7 |
|a Csontváry-Kostka, Teodor,
|d 1853-1919
|2 snkbucl
|9 263464
|
| 655 |
|
7 |
|a články z novín a časopisov
|2 snkbucl
|9 267496
|
| 700 |
1 |
|
|a Kondor, Béla
|4 ill
|9 983981
|
| 773 |
0 |
|
|t Keleti napló
|g Roč. 4, č. 8 (1993), s. 15
|
| 850 |
|
|
|a Slovenská národná knižnica v Martine
|a DSG001
|
| 852 |
|
|
|a SNK
|b KIS3GCP
|
| 958 |
|
|
|a RK
|
| 958 |
|
|
|a BC
|
| 958 |
|
|
|a HU
|
| 992 |
|
|
|a RBX
|
| 999 |
|
|
|c 3166751
|d 3168681
|